[Event "Mohammed VI Cup"]
[Site "Casablanca MAR"]
[Date "2023.08.14"]
[Round "1.33"]
[White "Hadj Kholti, Yasser"]
[Black "Sambuev, Bator"]
[Result "0-1"]
[WhiteElo "2018"]
[BlackElo "2462"]
[PlyCount "170"]
[EventDate "2023.08.14"]
[EventType "swiss"]
[EventRounds "9"]
[EventCountry "MAR"]
[Source "ChessMix"]
[SourceDate "2023.08.20"]

1. d4 Nf6 2. e3 g6 3. Nf3 Bg7 4. Bd3 O-O 5. O-O d6 6. c4 Nc6 7. Nc3 e5 8. h3
Re8 9. Bc2 exd4 10. exd4 h6 11. d5 Nb4 12. Ba4 Bd7 13. a3 Na6 14. Be3 Nc5 15.
Bxc5 dxc5 16. Bxd7 Qxd7 17. Qb3 b6 18. Rfe1 a6 19. Rad1 Rxe1+ 20. Rxe1 Re8 21.
Rxe8+ Nxe8 22. Qa4 Qxa4 23. Nxa4 Nd6 24. Nd2 h5 25. b3 Bd4 26. b4 cxb4 27. axb4
b5 28. cxb5 axb5 29. Nc5 Kf8 30. Ndb3 Bc3 31. Na6 Ne8 32. Kf1 Ke7 33. Ke2 Kd6
34. Kd3 Be1 35. Ke2 Bc3 36. Kd3 Be5 37. Nd4 Kxd5 38. Nxb5 h4 39. Na3 Bd4 40. f3
Bb6 41. Nb1 Nf6 42. Nc3+ Kd6 43. Nb8 Nh5 44. Ne2 Ba7 45. Na6 c6 46. Kc4 Nf6 47.
Nc3 Ke5 48. Kd3 Bf2 49. Nb8 Kd6 50. Na6 Be1 51. Ne4+ Nxe4 52. Kxe4 f5+ 53. Kd3
Bf2 54. Kc4 Ba7 55. Kd3 Ke5 56. Nc7 Bb6 57. Na6 Kd5 58. Kc3 Bd4+ 59. Kd3 Be5
60. Nc5 Bd6 61. Na6 Ke5 62. Ke3 Be7 63. Kd3 Bd6 64. Ke3 g5 65. Kd3 Kf4 66. Ke2
Kg3 67. Kf1 g4 68. fxg4 fxg4 69. hxg4 Kxg4 70. Kg1 Kf4 71. Kh2 Kg4+ 72. Kg1 Kf5
73. Nc5 Ke5 74. Kh2 Kd5+ 75. Kh3 Bg3 76. Nb3 Kc4 77. Na5+ Kb5 78. Nxc6 Kxc6 79.
Kg4 Kb5 80. Kf3 Kxb4 81. Ke2 Kc4 82. Kf1 Bh2 83. Kf2 Kd4 84. Ke2 Ke5 85. g4 Kf4
0-1

[Event "Mohammed VI Cup"]
[Site "Casablanca MAR"]
[Date "2023.08.15"]
[Round "2.11"]
[White "Sambuev, Bator"]
[Black "Bosiocic, Marin"]
[Result "1-0"]
[WhiteElo "2462"]
[BlackElo "2541"]
[PlyCount "87"]
[EventDate "2023.08.14"]
[EventType "swiss"]
[EventRounds "9"]
[EventCountry "MAR"]
[Source "ChessMix"]
[SourceDate "2023.08.20"]

1. d4 Nf6 2. c4 e6 3. Nc3 Bb4 4. e3 O-O 5. Bd3 d5 6. Nf3 c5 7. O-O Nc6 8. a3
Bxc3 9. bxc3 dxc4 10. Bxc4 Qc7 11. Re1 e5 12. h3 e4 13. Nd2 Bf5 14. a4 Rfe8 15.
Ba3 b6 16. Bb5 Rad8 17. Qc2 Qc8 18. Red1 Re6 19. Nf1 cxd4 20. cxd4 a6 21. d5
Nxd5 22. Rac1 axb5 23. axb5 Bxh3 24. gxh3 Rg6+ 25. Ng3 Nxe3 26. Rxd8+ Qxd8 27.
Qxe4 Re6 28. bxc6 Rxe4 29. c7 Qc8 30. Nxe4 Nd5 31. Nd6 Qxc7 32. Rxc7 Nxc7 33.
Kg2 f6 34. Kf3 h5 35. Ke4 Ne6 36. f4 Kh7 37. Bc1 Nc5+ 38. Kd5 Kg6 39. Be3 h4
40. f5+ Kh7 41. Nc8 Nd3 42. Nxb6 g6 43. Ke6 Kg7 44. Nd5 1-0

[Event "Mohammed VI Cup"]
[Site "Casablanca MAR"]
[Date "2023.08.15"]
[Round "3.5"]
[White "Shirov, Alexei"]
[Black "Sambuev, Bator"]
[Result "0-1"]
[WhiteElo "2668"]
[BlackElo "2462"]
[PlyCount "90"]
[EventDate "2023.08.14"]
[EventType "swiss"]
[EventRounds "9"]
[EventCountry "MAR"]
[Source "ChessMix"]
[SourceDate "2023.08.20"]

1. e4 e5 2. Nf3 Nc6 3. Bb5 a6 4. Ba4 Nf6 5. O-O d6 6. Re1 Bd7 7. c3 g6 8. d4
Bg7 9. h3 O-O 10. Bc2 Nh5 11. a4 Qe8 12. Na3 f5 13. Nc4 fxe4 14. Bxe4 Qf7 15.
dxe5 Be6 16. Bxc6 bxc6 17. Na5 Bd5 18. Ra3 Bxf3 19. Qxf3 Qxf3 20. gxf3 Bxe5 21.
Nxc6 Bf4 22. Be3 Bxe3 23. Rxe3 Nf4 24. Rb3 Nxh3+ 25. Kh2 Nf4 26. Rb7 Kh8 27. c4
Rf5 28. Re7 Raf8 29. Rbxc7 Rh5+ 30. Kg1 Rg5+ 31. Kf1 Rh5 32. Ke1 Nd3+ 33. Kd2
Nxb2 34. Nb4 Kg8 35. Rg7+ Kh8 36. Rge7 Kg8 37. Kc2 Nxa4 38. Rg7+ Kh8 39. Rgd7
Rh2 40. Rxd6 Rxf2+ 41. Kb3 a5 42. Nd5 Rb8+ 43. Ka3 Rf1 44. Nb4 Ra1+ 45. Na2 Nc3
0-1

[Event "Mohammed VI Cup"]
[Site "Casablanca MAR"]
[Date "2023.08.17"]
[Round "6.8"]
[White "Sambuev, Bator"]
[Black "Aditya Mittal"]
[Result "0-1"]
[WhiteElo "2462"]
[BlackElo "2577"]
[PlyCount "96"]
[EventDate "2023.08.14"]
[EventType "swiss"]
[EventRounds "9"]
[EventCountry "MAR"]
[Source "ChessMix"]
[SourceDate "2023.08.20"]

1. d4 d5 2. c4 c6 3. Nf3 Nf6 4. e3 Bf5 5. Nc3 e6 6. Nh4 Bg6 7. Nxg6 hxg6 8. g3
Nbd7 9. Bg2 dxc4 10. O-O Bd6 11. Qe2 Nb6 12. a4 a5 13. Rd1 Qe7 14. e4 e5 15.
Be3 Nfd7 16. dxe5 Bc5 17. Bxc5 Nxc5 18. Qe3 Nbd7 19. f4 g5 20. Ne2 gxf4 21.
gxf4 g5 22. fxg5 Qxe5 23. Ng3 Ne6 24. Rac1 O-O-O 25. Rxc4 Qxb2 26. Rcc1 Ne5 27.
Qa7 Nd4 28. h3 Nef3+ 29. Kf1 Nd2+ 30. Kg1 N4f3+ 31. Kh1 Qe5 32. Rb1 Nxb1 33.
Rxb1 Qc7 34. Bf1 Rd2 35. Bg2 Qb8 36. Qb6 Rd7 37. Qf2 Nh4 38. Bf1 Ng6 39. Nf5
Qf4 40. Qxf4 Nxf4 41. e5 Nxh3 42. Nd6+ Rxd6 43. exd6 Nxg5+ 44. Kg1 Ne4 45. d7+
Kc7 46. Re1 f5 47. Re3 Kxd7 48. Bh3 Nd6 0-1

[Event "Mohammed VI Cup"]
[Site "Casablanca MAR"]
[Date "2023.08.18"]
[Round "7.8"]
[White "Fier, Alexandr"]
[Black "Sambuev, Bator"]
[Result "1-0"]
[WhiteElo "2600"]
[BlackElo "2462"]
[PlyCount "77"]
[EventDate "2023.08.14"]
[EventType "swiss"]
[EventRounds "9"]
[EventCountry "MAR"]
[Source "ChessMix"]
[SourceDate "2023.08.20"]

1. d4 Nf6 2. c4 e6 3. Nf3 d5 4. g3 dxc4 5. Bg2 c6 6. O-O b5 7. a4 Bb7 8. Ne5 a6
9. b3 cxb3 10. Qxb3 Be7 11. Rd1 O-O 12. Nc3 b4 13. Ne4 Nxe4 14. Bxe4 a5 15. Bf4
Bd6 16. Rac1 Qe7 17. h4 Rc8 18. h5 h6 19. Qd3 Bxe5 20. dxe5 c5 21. Bxb7 Qxb7
22. Qe3 Qe7 23. g4 Nc6 24. Rxc5 Qh4 25. Qf3 Rd8 26. Rd6 Nd4 27. Rxd4 Rxd4 28.
Qxa8+ Kh7 29. Kg2 Qxg4+ 30. Bg3 b3 31. f3 Qxh5 32. Rb5 Rb4 33. Qxa5 Re4 34. Kf2
Qf5 35. Rxb3 h5 36. Rb4 Rxe2+ 37. Kxe2 Qc2+ 38. Kf1 g5 39. Re4 1-0

[Event "Mohammed VI Cup"]
[Site "Casablanca MAR"]
[Date "2023.08.18"]
[Round "8.16"]
[White "Sambuev, Bator"]
[Black "Vidyarthi, Vyom"]
[Result "1/2-1/2"]
[WhiteElo "2462"]
[BlackElo "2429"]
[PlyCount "102"]
[EventDate "2023.08.14"]
[EventType "swiss"]
[EventRounds "9"]
[EventCountry "MAR"]
[Source "ChessMix"]
[SourceDate "2023.08.20"]

1. d4 Nf6 2. c4 e6 3. Nc3 Bb4 4. e3 O-O 5. Bd2 b6 6. a3 Bxc3 7. Bxc3 Ne4 8. Qc2
Bb7 9. Nf3 d6 10. Nd2 f5 11. Nxe4 fxe4 12. h4 Nd7 13. g4 c5 14. d5 Qe7 15.
O-O-O exd5 16. cxd5 Qf7 17. Bb5 Rae8 18. Rh2 a6 19. Bc6 Bxc6 20. dxc6 Ne5 21.
Bxe5 Rxe5 22. Rxd6 Rd5 23. Rxd5 Qxd5 24. c7 Rc8 25. f4 exf3 26. Rd2 Qe6 27.
Rd8+ Kf7 28. Rxc8 Qxc8 29. Qc4+ Ke7 30. Qe4+ Kd6 31. Qxf3 Kxc7 32. Qf4+ Kc6 33.
Qe4+ Kd6 34. Kb1 g6 35. Qf4+ Kc6 36. Qf6+ Kc7 37. Qf4+ Kc6 38. h5 Qe6 39. hxg6
hxg6 40. g5 Kd5 41. Ka1 Qf5 42. Qg3 Ke4 43. Qg1 c4 44. Qb1+ Ke5 45. Qd1 Qd3 46.
Qf3 b5 47. Qf6+ Kd5 48. e4+ Kc5 49. Qf2+ Kc6 50. Qf6+ Kc5 51. Qxg6 Qd1+ 1/2-1/2

[Event "Mohammed VI Cup"]
[Site "Casablanca MAR"]
[Date "2023.08.19"]
[Round "9.15"]
[White "Matviishen, Viktor"]
[Black "Sambuev, Bator"]
[Result "1-0"]
[WhiteElo "2550"]
[BlackElo "2462"]
[PlyCount "71"]
[EventDate "2023.08.14"]
[EventType "swiss"]
[EventRounds "9"]
[EventCountry "MAR"]
[Source "ChessMix"]
[SourceDate "2023.08.20"]

1. d4 Nf6 2. c4 e6 3. Nc3 Bb4 4. e3 c5 5. Bd3 Nc6 6. Nge2 cxd4 7. exd4 d5 8.
cxd5 Nxd5 9. O-O Nxc3 10. bxc3 Bd6 11. Ng3 Qh4 12. Re1 O-O 13. Re4 Qd8 14. Qh5
g6 15. Qf3 f5 16. Re1 Bd7 17. Rb1 Rc8 18. Rxb7 Rf7 19. Bc4 Kg7 20. Rb1 Qf6 21.
Ba6 Rc7 22. Bf4 e5 23. dxe5 Bxe5 24. Nh5+ gxh5 25. Qg3+ Kf8 26. Rxe5 Nxe5 27.
Bxe5 f4 28. Rb8+ Bc8 29. Bxf6 fxg3 30. Be5 Rc5 31. Bd4 gxf2+ 32. Kf1 Rc6 33.
Bxc8 Ke7 34. Rb7+ Ke8 35. Rxf7 Kxf7 36. Bb7 1-0

[Event "Francophonie-ch"]
[Site "Yamoussoukro CIV"]
[Date "2023.07.02"]
[Round "1.3"]
[White "Le Corre, Stephane"]
[Black "Sambuev, Bator"]
[Result "0-1"]
[WhiteElo "1602"]
[BlackElo "2457"]
[PlyCount "56"]
[EventDate "2023.07.02"]
[EventType "swiss"]
[EventRounds "9"]
[EventCountry "IVO"]
[Source "ChessMix"]
[SourceDate "2023.07.20"]

1. Nf3 d5 2. g3 c5 3. c4 d4 4. b4 cxb4 5. a3 e6 6. axb4 Bxb4 7. Bg2 Nc6 8. O-O
Nge7 9. d3 O-O 10. Qb3 a5 11. Bb2 e5 12. Nbd2 h6 13. Rfc1 Be6 14. Ra4 b5 15.
Raa1 Rb8 16. Qc2 Qd7 17. cxb5 Rxb5 18. Nc4 f6 19. Qa4 Rfb8 20. Qc2 Nd5 21. Rab1
Nc3 22. Bxc3 dxc3 23. Rd1 Nd4 24. Nxd4 exd4 25. e3 Bc5 26. exd4 Bxd4 27. Rxb5
Qxb5 28. Nd6 Qb2 0-1

[Event "Francophonie-ch"]
[Site "Yamoussoukro CIV"]
[Date "2023.07.03"]
[Round "2.3"]
[White "Sambuev, Bator"]
[Black "Ameku, Philip Elikem"]
[Result "1-0"]
[WhiteElo "2457"]
[BlackElo "1868"]
[PlyCount "73"]
[EventDate "2023.07.02"]
[EventType "swiss"]
[EventRounds "9"]
[EventCountry "IVO"]
[Source "ChessMix"]
[SourceDate "2023.07.20"]

1. d4 Nf6 2. c4 g6 3. Nc3 Bg7 4. e4 d6 5. Be2 O-O 6. h4 e5 7. d5 c6 8. h5 Qa5
9. Bd2 Na6 10. h6 Bh8 11. a3 Qd8 12. b4 Nc7 13. Bg5 a5 14. b5 cxb5 15. cxb5 Bd7
16. a4 Rc8 17. Rc1 Na8 18. Nf3 Bg4 19. Nd2 Bxe2 20. Qxe2 Qd7 21. Nc4 Qc7 22.
Na2 Qd8 23. Qf3 Rxc4 24. Rxc4 Nb6 25. Rc2 Nxa4 26. O-O Nc5 27. Rc4 Ncd7 28.
Rfc1 Qb6 29. Nc3 Nh5 30. Be3 Qd8 31. Na4 f5 32. exf5 e4 33. Qxe4 Ne5 34. fxg6
hxg6 35. Rc7 Nf6 36. Qh4 Re8 37. h7+ 1-0

[Event "Francophonie-ch"]
[Site "Yamoussoukro CIV"]
[Date "2023.07.04"]
[Round "3.3"]
[White "Maltezeanu, Stefan"]
[Black "Sambuev, Bator"]
[Result "0-1"]
[WhiteElo "2099"]
[BlackElo "2457"]
[PlyCount "180"]
[EventDate "2023.07.02"]
[EventType "swiss"]
[EventRounds "9"]
[EventCountry "IVO"]
[Source "ChessMix"]
[SourceDate "2023.07.20"]

1. e4 e5 2. Nf3 Nc6 3. Bb5 a6 4. Ba4 d6 5. O-O Bd7 6. c3 Nf6 7. Re1 g6 8. d4
Bg7 9. d5 Ne7 10. Bxd7+ Qxd7 11. c4 O-O 12. Nc3 Nh5 13. a4 h6 14. a5 f5 15. Rb1
Rf7 16. exf5 Nxf5 17. Ne4 Raf8 18. c5 Ne7 19. cxd6 cxd6 20. Nh4 Nf4 21. Bxf4
exf4 22. Nc3 g5 23. Rxe7 Rxe7 24. Ng6 Rf5 25. Nxe7+ Qxe7 26. Qd3 Re5 27. Rf1 g4
28. Qc4 f3 29. Qxg4 fxg2 30. Rd1 Kh8 31. Rd3 Rg5 32. Qc8+ Kh7 33. Rg3 Bd4 34.
Kxg2 Qf7 35. f3 Rf5 36. Ne4 Be5 37. Qc2 Kh8 38. Qc8+ Kh7 39. Qc2 Kh8 40. Qc8+
Qf8 41. Qxf8+ Rxf8 42. Rg6 Rg8 43. Rxg8+ Kxg8 44. b3 Kf7 45. h3 Kg6 46. Kf2 Bf4
47. Ke2 Kh5 48. Kf2 Kh4 49. Kg2 Be5 50. Nd2 Bg3 51. Nc4 Bf4 52. Nb2 Be5 53. Nc4
Bf4 54. Nb2 Kg5 55. Nc4 h5 56. Kf2 Kf5 57. Kg2 Be5 58. Kf2 Kf4 59. h4 Bd4+ 60.
Kg2 Bc5 61. Nd2 Ke5 62. Ne4 Bb4 63. Ng3 Bxa5 64. Nxh5 Be1 65. Ng3 a5 66. Nf1
Bxh4 67. Ne3 b5 68. Kf1 Bg5 69. Nc2 Kxd5 70. Ke2 Kc5 71. Kd3 Bf6 72. f4 a4 73.
b4+ Kc6 74. f5 d5 75. Kd2 Bb2 76. Ne1 Kd6 77. Kc2 Bf6 78. Nd3 d4 79. Ne1 Ke5
80. Kd3 a3 81. Nc2 a2 82. Na1 Kxf5 83. Nb3 Ke6 84. Na1 Kd5 85. Nb3 Be5 86. Na1
Bd6 87. Nc2 Be7 88. Kd2 Kc4 89. Kc1 Kc3 90. Nxd4 a1=Q# 0-1

[Event "Francophonie-ch"]
[Site "Yamoussoukro CIV"]
[Date "2023.07.04"]
[Round "4.3"]
[White "Sambuev, Bator"]
[Black "Ouellet, Maili-Jade"]
[Result "1/2-1/2"]
[WhiteElo "2457"]
[BlackElo "2201"]
[PlyCount "112"]
[EventDate "2023.07.02"]
[EventType "swiss"]
[EventRounds "9"]
[EventCountry "IVO"]
[Source "ChessMix"]
[SourceDate "2023.07.20"]

1. d4 Nf6 2. c4 e6 3. Nc3 Bb4 4. e3 O-O 5. Bd3 d5 6. Nf3 c5 7. O-O Nc6 8. a3
Bxc3 9. bxc3 dxc4 10. Bxc4 Qc7 11. Re1 h6 12. e4 Rd8 13. Bd3 b6 14. e5 Nd5 15.
Bd2 Bb7 16. Qe2 Nde7 17. Qe4 Nf5 18. Qg4 cxd4 19. c4 Nce7 20. Qh3 Ng6 21. g4
Nfe7 22. g5 Bxf3 23. Qxf3 hxg5 24. Bxg5 Rdc8 25. Qg4 Nf5 26. Bxf5 exf5 27. Qxf5
Qc5 28. Rad1 Re8 29. f4 Qxc4 30. h4 Nf8 31. h5 Qe6 32. Qd3 Qg4+ 33. Kf2 Qxh5
34. Rh1 Qg6 35. Qxg6 fxg6 36. Rxd4 Ne6 37. Rd5 Rac8 38. Rhd1 Rc3 39. a4 Rc4 40.
a5 Nxf4 41. Rd8 Rxd8 42. Rxd8+ Kf7 43. Kf3 Ne6 44. Rd7+ Kg8 45. Be3 bxa5 46.
Rxa7 a4 47. Ra8+ Kf7 48. Ra7+ Ke8 49. Ke2 g5 50. Kd3 Rb4 51. Bd2 Rd4+ 52. Ke3
Rd5 53. Bc3 Nc5 54. Bd4 Ne6 55. Bc3 Nc5 56. Bd4 Ne6 1/2-1/2

[Event "Francophonie-ch"]
[Site "Yamoussoukro CIV"]
[Date "2023.07.06"]
[Round "5.3"]
[White "Traore, Bakary"]
[Black "Sambuev, Bator"]
[Result "0-1"]
[WhiteElo "2169"]
[BlackElo "2457"]
[PlyCount "72"]
[EventDate "2023.07.02"]
[EventType "swiss"]
[EventRounds "9"]
[EventCountry "IVO"]
[Source "ChessMix"]
[SourceDate "2023.07.20"]

1. e4 e5 2. Nf3 Nc6 3. Bb5 a6 4. Ba4 d6 5. O-O Bd7 6. c3 Nf6 7. Re1 g6 8. d4
Bg7 9. Nbd2 O-O 10. Bxc6 Bxc6 11. dxe5 dxe5 12. Nxe5 Bxe4 13. Nxe4 Nxe4 14. Bf4
Nf6 15. Ng4 Nxg4 16. Qxg4 Re8 17. h3 Qd5 18. Rad1 Rxe1+ 19. Rxe1 Qxa2 20. Qd7
Qxb2 21. Re7 Qb1+ 22. Kh2 Qf5 23. Qxc7 Bf6 24. Rd7 Bxc3 25. Bd6 h5 26. Re7 Qd5
27. f4 Bg7 28. Be5 b5 29. Rd7 Bxe5 30. fxe5 Qc4 31. Qxc4 bxc4 32. Rc7 a5 33.
Rxc4 a4 34. Rc2 a3 35. Ra2 Kf8 36. Kg3 Ra4 0-1

[Event "Francophonie-ch"]
[Site "Yamoussoukro CIV"]
[Date "2023.07.08"]
[Round "6.1"]
[White "Sambuev, Bator"]
[Black "Travadon, Loic"]
[Result "1-0"]
[WhiteElo "2457"]
[BlackElo "2463"]
[PlyCount "85"]
[EventDate "2023.07.02"]
[EventType "swiss"]
[EventRounds "9"]
[EventCountry "IVO"]
[Source "ChessMix"]
[SourceDate "2023.07.20"]

1. d4 Nf6 2. c4 c5 3. d5 g6 4. Nc3 Bg7 5. e4 d6 6. Bd3 O-O 7. h3 e6 8. Nf3 exd5
9. exd5 Re8+ 10. Be3 Bh6 11. O-O Bxe3 12. fxe3 Qe7 13. Rf2 Nbd7 14. Qc2 Nh5 15.
g4 Ng7 16. Ne4 f5 17. gxf5 Nxf5 18. Qc3 Qg7 19. Raf1 Rxe4 20. Qxg7+ Kxg7 21.
Bxe4 Ng3 22. Ng5 Nxf1 23. Ne6+ Kg8 24. Rxf1 b6 25. h4 Bb7 26. h5 Nf8 27. Nc7
Rd8 28. hxg6 hxg6 29. Rf6 a6 30. a4 Rc8 31. Ne6 Nxe6 32. Rxe6 Rd8 33. Re7 Bc8
34. Bxg6 Bd7 35. b3 Kf8 36. Rh7 Kg8 37. Bd3 b5 38. a5 b4 39. Bc2 Kf8 40. Kf2
Kg8 41. Kg3 Bc8 42. Rc7 Rf8 43. Bg6 1-0

[Event "Francophonie-ch"]
[Site "Yamoussoukro CIV"]
[Date "2023.07.12"]
[Round "9.2"]
[White "Sambuev, Bator"]
[Black "Manan, Yoboue Hermann"]
[Result "1-0"]
[WhiteElo "2457"]
[BlackElo "2006"]
[PlyCount "113"]
[EventDate "2023.07.02"]
[EventType "swiss"]
[EventRounds "9"]
[EventCountry "IVO"]
[Source "ChessMix"]
[SourceDate "2023.07.20"]

1. d4 d5 2. Nf3 Nf6 3. e3 e6 4. Bd3 c5 5. b3 Nbd7 6. O-O Be7 7. Bb2 cxd4 8.
exd4 O-O 9. Nbd2 a5 10. c4 b6 11. Rc1 Bb7 12. Re1 Re8 13. Ne5 Nxe5 14. dxe5 Nd7
15. Re3 g6 16. cxd5 Bxd5 17. Ne4 Rc8 18. Bb5 Rf8 19. Nc3 Bg5 20. Nxd5 Rxc1 21.
Bxc1 exd5 22. Rd3 Bxc1 23. Rxd5 Ba3 24. Bxd7 Qe7 25. g3 Bc5 26. Kg2 f6 27. e6
Kh8 28. Qe2 Rd8 29. h4 Kg8 30. h5 Kg7 31. Qd2 Bb4 32. Qf4 Bc5 33. Rd1 Ba3 34.
hxg6 hxg6 35. Rh1 Rh8 36. Rxh8 Kxh8 37. Qb8+ Kg7 38. Qxb6 Bb4 39. Qd4 Bc5 40.
Qe4 Bb6 41. Bb5 Bd8 42. g4 Qb4 43. Bc4 Be7 44. Kf3 Kh6 45. Bd3 Qxe4+ 46. Kxe4
Kg7 47. Kd5 g5 48. Kc6 Kf8 49. Kb5 Bd8 50. a4 Ke7 51. Bc4 Kd6 52. f3 Bc7 53. b4
axb4 54. Kxb4 Bb6 55. Kb5 Be3 56. a5 Bd2 57. Kb6 1-0

[Event "Cannes op"]
[Site "Cannes FRA"]
[Date "2023.02.21"]
[Round "3.4"]
[White "Maurizzi, Marc Andria"]
[Black "Sambuev, Bator"]
[Result "1/2-1/2"]
[WhiteElo "2523"]
[BlackElo "2407"]
[PlyCount "45"]
[EventDate "2023.02.20"]
[EventType "swiss"]
[EventRounds "9"]
[EventCountry "FRA"]
[Source "ChessMix"]
[SourceDate "2023.03.01"]

1. d4 Nf6 2. c4 e6 3. Nf3 d5 4. g3 c6 5. Qc2 dxc4 6. Qxc4 b5 7. Qb3 Bb7 8. Bg2
a6 9. a4 c5 10. dxc5 Nbd7 11. Be3 Bxc5 12. axb5 Bxe3 13. Qxe3 axb5 14. Rxa8
Qxa8 15. Qa3 Qxa3 16. Nxa3 Ke7 17. O-O Bxf3 18. Bxf3 Rc8 19. Nxb5 Rb8 20. Nd4
Rxb2 21. Nc6+ Kf8 22. Ra1 g5 23. h3 1/2-1/2

[Event "Cannes op"]
[Site "Cannes FRA"]
[Date "2023.02.22"]
[Round "4.5"]
[White "Sambuev, Bator"]
[Black "Nikolov, Momchil"]
[Result "1/2-1/2"]
[WhiteElo "2407"]
[BlackElo "2480"]
[PlyCount "102"]
[EventDate "2023.02.20"]
[EventType "swiss"]
[EventRounds "9"]
[EventCountry "FRA"]
[Source "ChessMix"]
[SourceDate "2023.03.01"]

1. d4 Nf6 2. c4 e6 3. Nc3 Bb4 4. e3 O-O 5. Bd3 d5 6. Nf3 c5 7. O-O cxd4 8. exd4
dxc4 9. Bxc4 b6 10. Qe2 Bb7 11. Rd1 Nbd7 12. d5 exd5 13. Nxd5 Nxd5 14. Bxd5
Bxd5 15. Rxd5 Qc7 16. Bg5 Qc6 17. Rad1 Nf6 18. Re5 Rad8 19. Rc1 Qd6 20. a3 Bc5
21. b4 Bd4 22. Nxd4 Qxd4 23. Bxf6 gxf6 24. Re4 Qd2 25. Qg4+ Qg5 26. h4 Qg6 27.
Qf4 Rfe8 28. Rec4 Kg7 29. b5 Re5 30. a4 Rd3 31. Qg4 Red5 32. Qc8 R5d4 33. Qb8
Qe4 34. Rxd4 Qxd4 35. Qxa7 Rd2 36. Rf1 Ra2 37. Qc7 Rxa4 38. Qg3+ Qg4 39. Qxg4+
Rxg4 40. Rd1 Rb4 41. Rd5 Rxh4 42. Rd6 Rb4 43. Rxb6 f5 44. Kh2 Rb3 45. Rb7 f4
46. b6 h5 47. Rb8 f3 48. b7 fxg2 49. Kxg2 Kf6 50. f3 h4 51. Rh8 Rxb7 1/2-1/2

[Event "Cannes op"]
[Site "Cannes FRA"]
[Date "2023.02.26"]
[Round "9.3"]
[White "Ghosh, Diptayan"]
[Black "Sambuev, Bator"]
[Result "1-0"]
[WhiteElo "2553"]
[BlackElo "2407"]
[PlyCount "26"]
[EventDate "2023.02.20"]
[EventType "swiss"]
[EventRounds "9"]
[EventCountry "FRA"]
[Source "ChessMix"]
[SourceDate "2023.03.01"]

1. d4 Nf6 2. c4 e6 3. Nf3 d5 4. Nc3 Be7 5. Bf4 O-O 6. e3 a6 7. cxd5 Nxd5 8.
Nxd5 exd5 9. Bd3 h6 10. Rc1 Bb4+ 11. Kf1 Bd6 12. Ne5 Be6 13. Bb1 Nd7 1-0

[Event "Hollywood op"]
[Site "Los Angeles USA"]
[Date "2022.08.03"]
[Round "1.5"]
[White "Sambuev, Bator"]
[Black "Levine, Joseph"]
[Result "0-1"]
[WhiteElo "2466"]
[BlackElo "2254"]
[PlyCount "110"]
[EventDate "2022.08.03"]
[EventType "swiss"]
[EventRounds "9"]
[EventCountry "USA"]
[Source "ChessMix"]
[SourceDate "2022.08.10"]

1. d4 {[%emt 0:00:04]} d5 {[%emt 0:00:05]} 2. Nf3 Nf6 {[%emt 0:00:19]} 3. e3 a6
{[%emt 0:00:08]} 4. Bd3 c5 {[%emt 0:01:45]} 5. b3 cxd4 {[%emt 0:03:36]} 6. exd4
Bg4 {[%emt 0:00:51]} 7. O-O Nc6 {[%emt 0:03:37]} 8. Bb2 {[%emt 0:01:21]} e6 {
[%emt 0:00:33]} 9. a3 Rc8 10. Nbd2 g6 11. Re1 Bg7 {[%emt 0:30:13]} 12. h3 {
[%emt 0:12:32]} Bf5 {[%emt 0:02:44]} 13. Bxf5 gxf5 {[%emt 0:03:07]} 14. c4 {
[%emt 0:00:40]} O-O 15. Qe2 Ne4 16. Rad1 Nxd2 17. Nxd2 {[%emt 0:40:28]} dxc4 {
[%emt 0:09:13]} 18. Nxc4 {[%emt 0:00:41]} Ne7 {[%emt 0:02:24]} 19. a4 {
[%emt 0:05:20]} b5 {[%emt 0:06:04]} 20. axb5 {[%emt 0:02:24]} axb5 {
[%emt 0:00:02]} 21. Ne3 {[%emt 0:00:30]} f4 {[%emt 0:01:20]} 22. Ng4 {
[%emt 0:03:03]} Qd5 {[%emt 0:00:42]} 23. Rd3 {[%emt 0:05:05]} Ra8 {
[%emt 0:03:39]} 24. Rc1 {[%emt 0:08:19]} Ra2 {[%emt 0:04:07]} 25. Rc2 {
[%emt 0:12:09]} Nf5 {[%emt 0:02:33]} 26. Ne5 {[%emt 0:04:43]} Rxb2 {
[%emt 0:01:58]} 27. Rxb2 {[%emt 0:00:23]} Nxd4 {[%emt 0:01:07]} 28. Rxd4 {
[%emt 0:00:04]} Qxd4 {[%emt 0:00:13]} 29. Nd3 {[%emt 0:00:16]} Rd8 {
[%emt 0:00:51]} 30. Rd2 {[%emt 0:00:36]} Qc3 {[%emt 0:01:24]} 31. b4 {
[%emt 0:00:47]} e5 {[%emt 0:07:10]} 32. Rd1 {[%emt 0:01:12]} Qb3 {
[%emt 0:01:26]} 33. Rd2 {[%emt 0:01:36]} Qc4 {[%emt 0:00:36]} 34. Kh2 {
[%emt 0:01:13]} Qd4 {[%emt 0:03:44]} 35. Rd1 {[%emt 0:00:40]} e4 {
[%emt 0:00:27]} 36. Nb2 {[%emt 0:00:25]} Qb6 {[%emt 0:00:03]} 37. Rxd8+ {
[%emt 0:07:58]} Qxd8 {[%emt 0:00:02]} 38. g3 {[%emt 0:00:48]} Qd4 {
[%emt 0:01:10]} 39. Nd1 {[%emt 0:00:16]} fxg3+ {[%emt 0:00:17]} 40. Kxg3 Qxb4 {
[%emt 0:01:31]} 41. Ne3 Qc5 {[%emt 0:01:37]} 42. Qa2 Qg5+ {[%emt 0:03:05]} 43.
Kh2 {[%emt 0:00:35]} Be5+ 44. Kh1 {[%emt 0:00:19]} Qf4 {[%emt 0:00:41]} 45. Kg1
{[%emt 0:01:24]} Qh2+ {[%emt 0:00:28]} 46. Kf1 {[%emt 0:00:01]} Qh1+ {
[%emt 0:00:42]} 47. Ke2 {[%emt 0:00:08]} Qf3+ {[%emt 0:00:09]} 48. Kf1 {
[%emt 0:01:27]} Qxh3+ {[%emt 0:00:03]} 49. Ke1 {[%emt 0:00:48]} Bc3+ {
[%emt 0:00:36]} 50. Kd1 {[%emt 0:00:06]} Qf3+ {[%emt 0:00:38]} 51. Kc1 {
[%emt 0:00:11]} Bd4 {[%emt 0:00:48]} 52. Nd1 {[%emt 0:00:44]} b4 {
[%emt 0:00:31]} 53. Qc4 {[%emt 0:01:55]} Qa3+ {[%emt 0:00:32]} 54. Kd2 {
[%emt 0:00:07]} Qd3+ {[%emt 0:00:15]} 55. Qxd3 {[%emt 0:00:04]} exd3 {
[%emt 0:00:05]} 0-1